Lý thuyết mô hình toán kinh tế

Gardado en:
Detalles Bibliográficos
Autor Principal: Hoàng Đình Tuấn
Formato: Libro
Idioma:Undetermined
Publicado: H. KHKT 2003
Những chủ đề:
Các nhãn: Engadir etiqueta
Sen Etiquetas, Sexa o primeiro en etiquetar este rexistro!
Thư viện lưu trữ: Trung tâm Học liệu Trường Đại học Cần Thơ
LEADER 00526nam a2200193Ia 4500
001 CTU_58826
008 210402s9999 xx 000 0 und d
020 |b 35000 
082 |a 330.0151 
082 |b T502 
100 |a Hoàng Đình Tuấn 
245 0 |a Lý thuyết mô hình toán kinh tế 
245 0 |c Hoàng Đình Tuấn 
260 |a H. 
260 |b KHKT 
260 |c 2003 
650 |a economics, mathematical models 
904 |i Minh 
980 |a Trung tâm Học liệu Trường Đại học Cần Thơ